000 00170nam a2200085 4500
001 1300964
005 20260420141629.0
245 _aDAR KAPI
_cANDRE GİDE
260 _bTİMAŞ
999 _c1300964
_d1300964